La Izquierda, el gobierno y la política /

में बचाया:
ग्रंथसूची विवरण
मुख्य लेखक: Stolowicz, Beatriz
स्वरूप: मूलपाठ
विषय:
टैग: टैग जोड़ें
कोई टैग नहीं, इस रिकॉर्ड को टैग करने वाले पहले व्यक्ति बनें!

MARC

LEADER 00000 a a2200000 04500
001 2377
003
040
100 |a Stolowicz, Beatriz  
245 |a La Izquierda, el gobierno y la política /  |c Beatriz Stolowicz 
650 |a DOCTRINAS POLITICAS  
650 |a POLITICA  
650 |a GOBIERNO  
650 |a GOBIERNO LOCAL  
650 |a DEMOCRACIA  
650 |a GOBERNABILIDAD  
650 |a CAPITALISMO  
650 |a SOCIALISMO  
650 |a CORPORATIVISMO  
773 |g número 23; páginas 63-81  
999 |c 33234  |d 33234